<?xml version="1.0" encoding="UTF-8"?>
<collection xmlns="http://www.loc.gov/MARC21/slim">
 <record>
  <leader>     na                 </leader>
  <controlfield tag="001">INLIS000000000021646</controlfield>
  <controlfield tag="005">20230727092542</controlfield>
  <controlfield tag="007">ta</controlfield>
  <controlfield tag="008">230727                g          0 ind  </controlfield>
  <datafield tag="020" ind1=" " ind2=" ">
   <subfield code="a">978-623-225-093-2</subfield>
  </datafield>
  <datafield tag="035" ind1=" " ind2=" ">
   <subfield code="a">0010-0723000212</subfield>
  </datafield>
  <datafield tag="082" ind1=" " ind2=" ">
   <subfield code="a">631.58</subfield>
  </datafield>
  <datafield tag="084" ind1=" " ind2=" ">
   <subfield code="a">631.58 KUN h</subfield>
  </datafield>
  <datafield tag="100" ind1="0" ind2=" ">
   <subfield code="a">Kunto Herwibowo</subfield>
   <subfield code="e">Pengarang</subfield>
  </datafield>
  <datafield tag="245" ind1="1" ind2=" ">
   <subfield code="a">Hidroponik :</subfield>
   <subfield code="b">Bertanam Sayur Tanpa Tanah</subfield>
  </datafield>
  <datafield tag="250" ind1=" " ind2=" ">
   <subfield code="a">Cetakan 1</subfield>
  </datafield>
  <datafield tag="264" ind1=" " ind2=" ">
   <subfield code="a">Jakarta :</subfield>
   <subfield code="b">Penebar Swadaya,</subfield>
   <subfield code="c">2021</subfield>
  </datafield>
  <datafield tag="300" ind1=" " ind2=" ">
   <subfield code="a">iv + 60 halaman :</subfield>
   <subfield code="b">Ilustrasi ;</subfield>
   <subfield code="c">20 cm</subfield>
  </datafield>
  <datafield tag="336" ind1=" " ind2=" ">
   <subfield code="2">rdacontent</subfield>
   <subfield code="a">Teks</subfield>
  </datafield>
  <datafield tag="337" ind1=" " ind2=" ">
   <subfield code="2">rdamedia</subfield>
   <subfield code="a">Tanpa Perantara</subfield>
  </datafield>
  <datafield tag="338" ind1=" " ind2=" ">
   <subfield code="2">rdacarrier</subfield>
   <subfield code="a">Lembar</subfield>
  </datafield>
  <datafield tag="504" ind1=" " ind2=" ">
   <subfield code="a">59 halaman</subfield>
  </datafield>
  <datafield tag="520" ind1=" " ind2=" ">
   <subfield code="a">1. Hidroponik:Teknik Sayuran tanpa Tanah &#13;
2. Membangun Kebun Hidroponik Tanpa tanpa Atap &#13;
3. Nutrisi idroponik &#13;
4. Penanaman dan pemeliharaan &#13;
5. Hama dan Penyakit &#13;
6. Panen dan Pengemas</subfield>
  </datafield>
  <datafield tag="520" ind1=" " ind2=" ">
   <subfield code="a">Hidroponik, solusi bertanam tanpa tanah. Dengan media air, Anda bisa bertanam di mana saja. Tentunya harus memenuhi syarat-syarat yang relatif mudah untuk dilakukan. Aplikasinya pun beragam dan bisa dimulai dari yang mudah dan murah, terutama bagi para pemula. Buku ini berisi tentang pengetahuan tentang hidroponik yang aplikatif, inovasi hidroponik, cara meramu pupuk nutrisi, sampai cara membangun kebun hidroponik tanpa greenhouse. Tertarik berhidroponik? Buku ini akan memandu Anda dari awal hingga bisa bisa memetik sendiri sayuran yang Anda inginkan tanpa harus belepotan tanah.&#13;
Hidroponik telah dikenal dan dipraktikkan di dalam negeri sejak tahun 1980-an. Saat ini, hidroponik, terutama skala rumah tangga, telah merambah menjadi hobi dan pemenuhan kebutuhan rumah tangga terhadap sayur serta buah. Kepopuleran tren hidroponik memunculkan penghobi hidroponik baru yang membutuhkan berbagai informasi dasar mengenai hidroponik.&#13;
Penulis dengan mengusung nama Hidroponik Untuk Semua yang selama ini fokus pada budi daya hidroponik dan rutin mengadakan pelatihan hidroponik (untuk pemula hingga pelatihan hidroponik skala industri) di berbagai daerah, mencoba membagikan pengalamannya melalui buku ini.&#13;
Penulis berharap semakin banyak masyarakat yang memahami teknik dasar hidroponik secara tepat, sehingga dapat dipraktikkan dengan baik sebagai sarana hobi, menambah keasrian sekitar rumah dan lingkungan, serta dapat menghasilkan sayuran yang sehat untuk konsumsi keluarga.</subfield>
  </datafield>
  <datafield tag="650" ind1=" " ind2="4">
   <subfield code="a">Hidroponik</subfield>
  </datafield>
  <datafield tag="700" ind1="0" ind2=" ">
   <subfield code="a">Budiana</subfield>
   <subfield code="e">Pengarang</subfield>
  </datafield>
  <datafield tag="990" ind1=" " ind2=" ">
   <subfield code="a">076017</subfield>
  </datafield>
  <datafield tag="990" ind1=" " ind2=" ">
   <subfield code="a">076018</subfield>
  </datafield>
 </record>
</collection>
